| 000 | 00779nam a22002537a 4500 | ||
|---|---|---|---|
| 005 | 20170124110241.0 | ||
| 010 | _aA-447459 | ||
| 020 |
_c00.00 _a0861244672 |
||
| 035 | _aA-447459 | ||
| 037 | _bCen Lib/Ret | ||
| 040 |
_aDPL _bEN |
||
| 082 |
_a909 _bHIS |
||
| 245 |
_aHistory Of The World : _cedited by John Whitney Hall [and] John Grayson Kirk _bthe Renaissance To World War 1 / |
||
| 246 | _b | ||
| 260 |
_aLondon _bBrompton Books _c1988 |
||
| 270 |
_bLondon _a176, old brompton road |
||
| 300 |
_a304p. : _c30cm(Hb) _bill. |
||
| 500 | _aIncludes index | ||
| 650 |
_aHistory -- World _941477 |
||
| 650 |
_aWorld War 1. _994977 |
||
| 700 |
_aHall, John Whitney _994978 |
||
| 700 |
_aKirk, John Grayson _994979 |
||
| 942 |
_2ddc _cEN _h909 _mHIS |
||
| 999 |
_c135179 _d135179 |
||